[Event "XIV Open"]
[Site "Crema ITA"]
[Date "2012.08.31"]
[Round "2"]
[White "Maltsev, Leonid"]
[Black "Gagliardi, Christian"]
[Result "0-1"]
[WhiteElo "1941"]
[BlackElo "2217"]
[PlyCount "112"]
[EventDate "2012.08.31"]

1. e4 c5 2. Nf3 Nc6 3. d4 cxd4 4. Nxd4 e6 5. Nxc6 bxc6 6. Bd3 Nf6 7. O-O d5 8.
Nc3 Be7 9. Re1 O-O 10. Bf4 Qb6 11. e5 Nd7 12. Qh5 f5 13. Re3 Rf7 14. Rh3 g6 15.
Qh6 Qd8 16. Re1 Bf8 17. Qg5 Qxg5 18. Bxg5 Rb8 19. Na4 Bg7 20. f4 Bf8 21. b3 Nc5
22. Nxc5 Bxc5+ 23. Kf1 a5 24. Bh4 Ra7 25. a4 Bd7 26. Bf2 Bxf2 27. Kxf2 c5 28.
Bf1 Rb4 29. c4 d4 30. Be2 Rab7 31. Bd1 Bc6 32. Re2 Be4 33. Rd2 Kg7 34. Rg3 Kf8
35. h4 Rg7 36. Rh3 h6 37. Rg3 Rb8 38. Kg1 Kf7 39. Kf1 Rbg8 40. Kf2 Ke7 41. Kf1
g5 42. hxg5 hxg5 43. fxg5 Rxg5 44. Rxg5 Rxg5 45. Rf2 Rg3 46. Bf3 Bxf3 47. Rxf3
Rg7 48. Kf2 Kf7 49. Rg3 Rh7 50. Rh3 Rxh3 51. gxh3 f4 52. Ke2 Kg6 53. h4 Kh5 54.
b4 axb4 55. a5 f3+ 56. Kxf3 b3 0-1

[Event "XIV Open"]
[Site "Crema ITA"]
[Date "2012.08.31"]
[Round "2"]
[White "Mantovani, Enrico"]
[Black "Spornberger, Andre"]
[Result "0-1"]
[WhiteElo "1839"]
[BlackElo "2036"]
[PlyCount "70"]
[EventDate "2012.08.31"]

1. Nf3 g6 2. c4 Bg7 3. Nc3 d6 4. g3 e5 5. d4 Nd7 6. dxe5 dxe5 7. Bg2 Ngf6 8.
O-O O-O 9. Qc2 c6 10. Rd1 Qe7 11. b3 Re8 12. e4 h6 13. a4 a5 14. Ba3 Nc5 15.
Rd2 b6 16. h3 Qc7 17. Rad1 Bf8 18. Bc1 Na6 19. Na2 Nd7 20. Re2 Kh7 21. Nh2 Ndc5
22. Ng4 Bxg4 23. hxg4 Rad8 24. Be3 Ne6 25. Red2 Bc5 26. Bxc5 Naxc5 27. Nc1 Nd4
28. Qb2 Rd6 29. f4 f6 30. Kf2 Red8 31. Ke3 Qd7 32. Kf2 Qxg4 33. Qc3 g5 34. f5
Nxe4+ 35. Bxe4 Qxe4 0-1

[Event "XIV Open"]
[Site "Crema ITA"]
[Date "2012.08.31"]
[Round "2"]
[White "Marchesotti, Giovanni"]
[Black "Corso, Gabriele"]
[Result "1/2-1/2"]
[WhiteElo "1525"]
[BlackElo "1764"]
[PlyCount "70"]
[EventDate "2012.08.31"]

1. b3 Nf6 2. Bb2 g6 3. e4 d6 4. c4 Bg7 5. d3 O-O 6. Qc2 e5 7. Be2 Nc6 8. Nf3
Ne8 9. O-O f5 10. Nbd2 f4 11. h3 g5 12. Nh2 Rf7 13. a3 Bf8 14. Bh5 Rg7 15. Ng4
Nf6 16. Qd1 Kh8 17. Nxf6 Qxf6 18. Bg4 Bxg4 19. Qxg4 Qg6 20. Nf3 h5 21. Qf5 Qxf5
22. exf5 Ne7 23. f6 Rg6 24. fxe7 Bxe7 25. Nxe5 dxe5 26. Bxe5+ Kh7 27. Bxc7 Bc5
28. Rfe1 Rf8 29. Re4 Rc8 30. Ba5 Ra6 31. Bc3 Rd8 32. d4 Bf8 33. d5 Rad6 34. Bb4
R6d7 35. Bxf8 Rxf8 1/2-1/2

[Event "XIV Open"]
[Site "Crema ITA"]
[Date "2012.08.31"]
[Round "2"]
[White "Mondal, Prince"]
[Black "Ventura, Franco"]
[Result "1/2-1/2"]
[WhiteElo "1864"]
[BlackElo "2091"]
[PlyCount "111"]
[EventDate "2012.08.31"]

1. e4 g6 2. Nf3 Bg7 3. d4 d6 4. Nc3 Nf6 5. Be2 Nc6 6. Be3 Ng4 7. Bf4 O-O 8. h3
e5 9. Bg5 Nf6 10. d5 Nd4 11. Be3 Nxe2 12. Qxe2 c5 13. O-O Bd7 14. a4 h6 15. Nd2
Ne8 16. f4 exf4 17. Bxf4 Qe7 18. Nc4 a6 19. a5 Rd8 20. Rae1 Bb5 21. Qd3 g5 22.
Bg3 Bxc4 23. Qxc4 Be5 24. Bxe5 Qxe5 25. b3 Ng7 26. Qd3 Rde8 27. Re2 Nh5 28. Rf5
Qd4+ 29. Ref2 Qxd3 30. cxd3 Kg7 31. Ne2 Re5 32. Rxe5 dxe5 33. Nc1 Nf6 34. Rc2
Nd7 35. g4 Kf6 36. Ne2 Rb8 37. Kf2 b6 38. axb6 Rxb6 39. Rb2 a5 40. Nc3 Rb8 41.
Rb1 Ke7 42. Ke3 Nf6 43. Na4 Nd7 44. Nc3 f6 45. Kd2 Kd6 46. Kc2 Kc7 47. Na4 h5
48. Rg1 Rh8 49. Kc3 hxg4 50. hxg4 Rh3 51. Rg2 Kd6 52. Kc4 Rh1 53. Kc3 Rc1+ 54.
Kb2 Rh1 55. Kc3 Rc1+ 56. Kb2 1/2-1/2

[Event "XIV Open"]
[Site "Crema ITA"]
[Date "2012.08.31"]
[Round "2"]
[White "Oteri, Aldo"]
[Black "Sperli', Maurizio"]
[Result "1-0"]
[WhiteElo "1799"]
[BlackElo "1532"]
[PlyCount "39"]
[EventDate "2012.08.31"]

1. e4 e5 2. Nf3 Nc6 3. Bb5 a6 4. Ba4 Nf6 5. d4 exd4 6. O-O b5 7. Bb3 d6 8. Ng5
Ne5 9. f4 Nc4 10. e5 Ng4 11. Bxc4 bxc4 12. Qxd4 h6 13. Qd5 hxg5 14. Qxa8 Rxh2
15. fxg5 dxe5 16. Qc6+ Bd7 17. Qxc4 Qb8 18. Qxf7+ Kd8 19. Qxf8+ Be8 20. Rd1+
1-0

[Event "XIV Open"]
[Site "Crema ITA"]
[Date "2012.08.31"]
[Round "2"]
[White "Poletti, Guido"]
[Black "Torricelli, Lorenzo"]
[Result "0-1"]
[WhiteElo "1371"]
[BlackElo "1682"]
[PlyCount "88"]
[EventDate "2012.08.31"]

1. e4 c5 2. Nf3 g6 3. Nc3 Bg7 4. d4 cxd4 5. Nxd4 Nc6 6. Be3 Nf6 7. Be2 O-O 8.
Nxc6 dxc6 9. Qxd8 Rxd8 10. O-O b5 11. a3 Be6 12. Rfd1 a5 13. Rxd8+ Rxd8 14. Bb6
Rd2 15. Rc1 Nxe4 16. Bxa5 Nxc3 17. Bxb5 cxb5 18. bxc3 Bc4 19. g3 Bh6 20. Bb6
Rxf2 21. Kxf2 Bxc1 22. Bc5 e5 23. Ke1 f5 24. Kd1 Bh6 25. Bd6 e4 26. h4 Kf7 27.
Bf4 Bxf4 28. gxf4 Kf6 29. Kd2 h6 30. Ke3 g5 31. fxg5+ hxg5 32. h5 g4 33. h6 Kg6
34. Kf4 Kxh6 35. Ke3 g3 36. Kd2 g2 37. Kc1 g1=Q+ 38. Kb2 Qf2 39. Kc1 e3 40. Kb2
e2 41. a4 e1=Q 42. a5 Qd1 43. a6 Qdxc2+ 44. Ka3 Qb3# 0-1

[Event "XIV Open"]
[Site "Crema ITA"]
[Date "2012.08.31"]
[Round "2"]
[White "Pisani, Valerio"]
[Black "Maraschi, Alberto"]
[Result "1-0"]
[WhiteElo "1698"]
[BlackElo "1337"]
[PlyCount "77"]
[EventDate "2012.08.31"]

1. Nc3 c6 2. e4 d5 3. d4 dxe4 4. Nxe4 Bf5 5. Ng3 Bg6 6. Nf3 Nd7 7. Bd3 Bxd3 8.
Qxd3 e6 9. O-O Be7 10. Re1 h6 11. Nh5 Bf6 12. Nf4 Ne7 13. d5 Nc5 14. Qc4 Qd6
15. Be3 exd5 16. Qxc5 Qxc5 17. Bxc5 g5 18. Nh5 Bxb2 19. Rxe7+ Kd8 20. Rb1 Re8
21. Rxe8+ Kxe8 22. Rxb2 b6 23. Nf6+ Kd8 24. Bd6 Kc8 25. Ne5 Kb7 26. a4 Rd8 27.
Nxf7 Rc8 28. a5 b5 29. Bc5 Ka6 30. c3 Rc7 31. Nxh6 Rg7 32. Bd4 Re7 33. Kf1 Re6
34. Nd7 Rxh6 35. Nc5+ Kxa5 36. Ra2+ Kb6 37. Nb3+ Kc7 38. Rxa7+ Kd6 39. Nc5 1-0

[Event "XIV Open"]
[Site "Crema ITA"]
[Date "2012.08.31"]
[Round "2"]
[White "Popovich, Fabio"]
[Black "Sala, Giovanni"]
[Result "1/2-1/2"]
[WhiteElo "1832"]
[BlackElo "2022"]
[PlyCount "74"]
[EventDate "2012.08.31"]

1. e4 c5 2. Nc3 Nc6 3. f4 g6 4. Nf3 Bg7 5. Bb5 Nd4 6. Bc4 e6 7. e5 d5 8. Nxd4
cxd4 9. Bb5+ Bd7 10. Bxd7+ Qxd7 11. Ne2 d3 12. cxd3 Ne7 13. Nd4 Nf5 14. Nxf5
gxf5 15. b3 Bf8 16. Bb2 Rg8 17. Rg1 Bc5 18. d4 Be7 19. Rc1 Rc8 20. Rc3 Rg4 21.
Rh3 Rxf4 22. Rxh7 Re4+ 23. Kf2 Rf4+ 24. Ke3 Re4+ 25. Kf3 Qc6 26. Rh8+ Kd7 27.
Rxc8 Qxc8 28. d3 Rh4 29. h3 Qh8 30. Qd2 Qh5+ 31. Kf2 Bg5 32. Qb4 Rf4+ 33. Kg3
Rg4+ 34. Kh2 Bf4+ 35. Kh1 Rg3 36. Qxb7+ Kd8 37. Qb8+ Kd7 1/2-1/2

[Event "XIV Open"]
[Site "Crema ITA"]
[Date "2012.08.31"]
[Round "2"]
[White "Raimondi, Celso"]
[Black "Colombo, Abner"]
[Result "1-0"]
[WhiteElo "1657"]
[BlackElo "1188"]
[PlyCount "83"]
[EventDate "2012.08.31"]

1. d4 d5 2. c4 dxc4 3. Nc3 Nf6 4. e4 e5 5. d5 Bc5 6. h3 c6 7. Bxc4 O-O 8. Bg5
Qb6 9. Qc2 Na6 10. a3 cxd5 11. exd5 Nc7 12. Na4 Bxf2+ 13. Qxf2 Qa5+ 14. Nc3 Ne4
15. Qe3 Nxc3 16. b4 N7xd5 17. bxa5 Nxe3 18. Bxe3 b5 19. axb6 axb6 20. Bxb6 Rb8
21. Ba5 Na4 22. Bb4 Re8 23. Ne2 Nb2 24. Rc1 e4 25. O-O Nxc4 26. Rxc4 Ba6 27.
Rc2 Bd3 28. Rb2 g6 29. Re1 f5 30. Nf4 Kf7 31. Nxd3 exd3 32. Rxe8 Rxe8 33. Kf2
Re4 34. Rd2 Rd4 35. Ke3 Rd5 36. Rxd3 Re5+ 37. Kf3 h5 38. Rd7+ Ke6 39. Re7+ Kd5
40. Rxe5+ Kxe5 41. Bc3+ Kd5 42. Kf4 1-0

[Event "XIV Open"]
[Site "Crema ITA"]
[Date "2012.08.31"]
[Round "2"]
[White "Rambaldi, Francesco"]
[Black "Brociner, Beniamino"]
[Result "1-0"]
[WhiteElo "2272"]
[BlackElo "1981"]
[PlyCount "41"]
[EventDate "2012.08.31"]

1. d4 Nf6 2. c4 e6 3. Nc3 Bb4 4. g3 Ne4 5. Qc2 f5 6. Bg2 O-O 7. Bxe4 fxe4 8.
Qxe4 c5 9. Nf3 d5 10. Qe3 Nc6 11. O-O Qf6 12. cxd5 cxd4 13. Qe4 dxc3 14. dxc6
cxb2 15. Bxb2 Qxb2 16. Ng5 g6 17. cxb7 Rb8 18. bxc8=Q Rfxc8 19. Qxe6+ Kh8 20.
Rab1 Qc3 21. Rbc1 1-0

[Event "XIV Open"]
[Site "Crema ITA"]
[Date "2012.08.31"]
[Round "2"]
[White "Ranfagni, Stefano"]
[Black "Sgnaolin, Davide"]
[Result "0-1"]
[WhiteElo "1980"]
[BlackElo "2234"]
[PlyCount "84"]
[EventDate "2012.08.31"]

1. c4 Nf6 2. Nc3 c5 3. g3 Nc6 4. Bg2 g6 5. d3 Bg7 6. e4 O-O 7. Nge2 d6 8. O-O
Ne8 9. Be3 Nd4 10. Qd2 Nc7 11. Bh6 Nxe2+ 12. Nxe2 e5 13. Bxg7 Kxg7 14. f4 f6
15. h3 Bd7 16. Qe3 Qe7 17. Nc3 Rab8 18. h4 Bc6 19. f5 b5 20. b3 a6 21. g4 Rf7
22. Ne2 Rg8 23. Ng3 Kf8 24. fxg6 hxg6 25. h5 Ke8 26. Bh3 Ne6 27. hxg6 Rxg6 28.
Nf5 Qd7 29. Kf2 Nd4 30. Nxd4 cxd4 31. Qe2 Rh7 32. Rh1 Qe7 33. cxb5 Bxb5 34.
Rac1 Qd7 35. Qc2 Rgh6 36. Kg3 Qd8 37. a4 Bd7 38. Qc4 Ke7 39. Qc7 Qh8 40. Rc6
Rxh3+ 41. Kg2 Rh2+ 42. Rxh2 Rxh2+ 0-1

[Event "XIV Open"]
[Site "Crema ITA"]
[Date "2012.08.31"]
[Round "2"]
[White "Redamante, Marzio"]
[Black "Acunzo, Domenico"]
[Result "0-1"]
[WhiteElo "1495"]
[BlackElo "1743"]
[PlyCount "102"]
[EventDate "2012.08.31"]

1. c4 e5 2. Nc3 Nc6 3. d3 Nf6 4. g3 Bc5 5. Bg2 O-O 6. Nf3 Re8 7. O-O a6 8. a3
d6 9. Bg5 h6 10. Bxf6 Qxf6 11. Ne4 Qd8 12. Nxc5 dxc5 13. Nd2 Rb8 14. Bxc6 bxc6
15. b3 Bh3 16. Re1 f5 17. f3 Qd4+ 18. Kh1 Rbd8 19. Rg1 e4 20. Nf1 exd3 21. e3
Qb2 22. Qc1 Qe2 23. Qd1 Bxf1 24. Rxf1 Rxe3 25. Qxe2 dxe2 26. Rfe1 Rdd3 27. Kg2
Rxb3 28. Ra2 Rxa3 29. Raxe2 Rxe2+ 30. Rxe2 a5 31. Re8+ Kf7 32. Rc8 Ke6 33. f4
g5 34. Rxc7 gxf4 35. Rxc6+ Ke5 36. gxf4+ Kxf4 37. Rxh6 Ra2+ 38. Kf1 Ke3 39. h4
Kd4 40. Rd6+ Kxc4 41. h5 Rh2 42. h6 a4 43. Ra6 Kb5 44. Rf6 a3 45. Rxf5 a2 46.
Kg1 Rxh6 47. Rf1 Kb4 48. Ra1 Kb3 49. Kf2 Rh2+ 50. Ke3 Kb2 51. Rd1 a1=Q 0-1

[Event "XIV Open"]
[Site "Crema ITA"]
[Date "2012.08.31"]
[Round "2"]
[White "Sanchez, Joseph"]
[Black "Tirelli, Mauro"]
[Result "1-0"]
[WhiteElo "2518"]
[BlackElo "1990"]
[PlyCount "53"]
[EventDate "2012.08.31"]

1. e4 e6 2. d4 d5 3. Nc3 Bb4 4. e5 c5 5. a3 Bxc3+ 6. bxc3 Qc7 7. Qg4 f5 8. Qg3
cxd4 9. cxd4 Ne7 10. Bd2 O-O 11. Bd3 b6 12. Ne2 Ba6 13. h4 Bxd3 14. cxd3 Nbc6
15. Rc1 Qd7 16. h5 Rac8 17. h6 g6 18. Qg5 f4 19. Bxf4 Nf5 20. Be3 b5 21. O-O b4
22. axb4 Nxb4 23. Rxc8 Rxc8 24. Nf4 Nc2 25. Nh5 Kh8 26. Qf6+ Kg8 27. Qxf5 1-0

[Event "XIV Open"]
[Site "Crema ITA"]
[Date "2012.08.31"]
[Round "2"]
[White "Spornberger, Maximilian"]
[Black "Distratis, Gianluca"]
[Result "1-0"]
[WhiteElo "2225"]
[BlackElo "1962"]
[PlyCount "71"]
[EventDate "2012.08.31"]

1. e4 d5 2. exd5 Nf6 3. d4 Nxd5 4. c4 Nb6 5. Nf3 g6 6. Nc3 Bg7 7. c5 Nd5 8. Bc4
c6 9. Qb3 e6 10. Bg5 Qc7 11. Ne4 O-O 12. O-O b6 13. Rac1 b5 14. Bxd5 exd5 15.
Nd6 Nd7 16. Be7 Nf6 17. Bxf8 Kxf8 18. Ng5 Ne4 19. Ngxe4 dxe4 20. d5 Be5 21.
dxc6 Be6 22. Qxb5 Rb8 23. Qe2 Bd5 24. b3 Bxc6 25. Rfd1 Qe7 26. Qc4 a5 27. h3
Rb4 28. Qa6 Bd7 29. c6 Bxh3 30. c7 e3 31. c8=Q+ Bxc8 32. Qxc8+ Kg7 33. Ne8+ Kh6
34. Qh3+ Rh4 35. Qxe3+ g5 36. Rc6+ 1-0

[Event "XIV Open"]
[Site "Crema ITA"]
[Date "2012.08.31"]
[Round "2"]
[White "Swannie, Douglas"]
[Black "Gonella, Daniele"]
[Result "0-1"]
[WhiteElo "1922"]
[BlackElo "2157"]
[PlyCount "68"]
[EventDate "2012.08.31"]

1. d4 Nf6 2. c4 g6 3. Nc3 d5 4. cxd5 Nxd5 5. e4 Nxc3 6. bxc3 Bg7 7. Nf3 c5 8.
Rb1 O-O 9. Be2 Nc6 10. d5 Ne5 11. Nxe5 Bxe5 12. Qd2 e6 13. f4 Bc7 14. O-O exd5
15. exd5 Ba5 16. Bc4 Qf6 17. Rf3 b6 18. Bb2 Bf5 19. Re1 Rfd8 20. Re5 Rab8 21.
Bd3 Bxd3 22. Qxd3 b5 23. Qe4 c4 24. Kf1 Bc7 25. Ba3 Bd6 26. Bxd6 Qxd6 27. f5 b4
28. fxg6 hxg6 29. Re6 Qxh2 30. Rxg6+ fxg6 31. Qxg6+ Kh8 32. Rf7 Qh1+ 33. Kf2
Qh4+ 34. g3 Rg8 0-1

[Event "XIV Open"]
[Site "Crema ITA"]
[Date "2012.08.31"]
[Round "2"]
[White "Tedoldi, Guido"]
[Black "Tagliaferri, Valerio"]
[Result "0-1"]
[WhiteElo "1600"]
[BlackElo "1807"]
[PlyCount "58"]
[EventDate "2012.08.31"]

1. c4 f5 2. Nf3 Nf6 3. Nc3 Nc6 4. d3 e5 5. e4 Bb4 6. exf5 d6 7. Be2 Bxf5 8. Bd2
O-O 9. O-O a6 10. Rc1 Qd7 11. a3 Bc5 12. Be3 Bxe3 13. fxe3 h6 14. e4 Be6 15.
Nd5 Ne7 16. Qd2 Rf7 17. Rf2 Raf8 18. Rcf1 Bxd5 19. cxd5 Ng4 20. Nxe5 Nxe5 21.
Rxf7 Rxf7 22. Rxf7 Nxf7 23. Qf4 Ng6 24. Qg3 Ngh8 25. Bg4 Qd8 26. Be6 Qf6 27.
Qe3 Qxb2 28. Qa7 Qc1+ 29. Kf2 Qc5+ 0-1

[Event "XIV Open"]
[Site "Crema ITA"]
[Date "2012.09.01"]
[Round "3"]
[White "Acunzo, Domenico"]
[Black "Maltsev, Leonid"]
[Result "0-1"]
[WhiteElo "1743"]
[BlackElo "1941"]
[PlyCount "91"]
[EventDate "2012.08.31"]

1. e4 c5 2. Nf3 Nc6 3. Be2 g6 4. c3 Bg7 5. d4 cxd4 6. cxd4 Nf6 7. Nc3 d5 8. e5
Ne4 9. h3 O-O 10. O-O b6 11. Qb3 Bb7 12. Be3 Rc8 13. Rac1 e6 14. Rfd1 Na5 15.
Qa3 Qd7 16. Nd2 Nxc3 17. Rxc3 Rxc3 18. Qxc3 Rc8 19. Qd3 Qa4 20. Qb1 Nc4 21. b3
Nxd2 22. Rxd2 Qc6 23. Rd1 Qc2 24. Bd3 Qxb1 25. Bxb1 Ba6 26. Rc1 Rxc1+ 27. Bxc1
Kf8 28. Ba3+ Ke8 29. Bd6 Bf8 30. Bb8 Kd7 31. f4 Kc8 32. Bd6 Bxd6 33. exd6 Kd7
34. g4 Kxd6 35. Kf2 f6 36. h4 e5 37. g5 e4 38. gxf6 Ke6 39. Ke3 Kxf6 40. Bxe4
dxe4 41. Kxe4 Ke6 42. h5 gxh5 43. d5+ Kd6 44. f5 Bb7 45. f6 Bxd5+ 46. Kf5 0-1

[Event "XIV Open"]
[Site "Crema ITA"]
[Date "2012.09.01"]
[Round "3"]
[White "Adami, Antonio"]
[Black "Ferrari, Paolo"]
[Result "1/2-1/2"]
[WhiteElo "1708"]
[BlackElo "1713"]
[PlyCount "131"]
[EventDate "2012.08.31"]

1. e4 c5 2. Nc3 Nc6 3. g3 g6 4. Bg2 Bg7 5. d3 Nf6 6. Be3 d6 7. h3 O-O 8. Qd2
Qb6 9. Nd1 Be6 10. c3 d5 11. b4 d4 12. cxd4 cxd4 13. Bg5 Qxb4 14. Nf3 Rfd8 15.
a3 Qxd2+ 16. Bxd2 Nd7 17. Rc1 Nce5 18. Nxe5 Nxe5 19. Nb2 Rdc8 20. Ke2 b5 21. f4
Nd7 22. f5 Bb3 23. fxg6 hxg6 24. h4 Be6 25. Rxc8+ Rxc8 26. Rc1 Rxc1 27. Bxc1
Be5 28. Kf3 Bd6 29. Nd1 Ne5+ 30. Ke2 Bg4+ 31. Kd2 Bxd1 32. Kxd1 Nxd3 33. Bd2
Bxg3 34. Bf1 Nf2+ 35. Kc2 Nxe4 36. Bb4 Bxh4 37. Bxb5 e5 38. Kd3 f5 39. Bc6 Nf2+
40. Ke2 d3+ 41. Kf3 Ne4 42. Bxe4 fxe4+ 43. Kxe4 Bg5 44. Kxd3 Kf7 45. Ke4 Ke6
46. a4 Be7 47. Bc3 Bd6 48. a5 a6 49. Bd2 Be7 50. Bc3 Bf6 51. Bb2 g5 52. Bc3 g4
53. Be1 Kd6 54. Kf5 Bd8 55. Kxg4 Kd5 56. Kf3 Kd4 57. Ke2 Kc4 58. Ke3 Kb5 59.
Bc3 Bc7 60. Kd3 Kc5 61. Ke4 Kb5 62. Kd3 Bxa5 63. Bxe5 Kc5 64. Kc2 Kc4 65. Kb2
Bb4 66. Ka2 1/2-1/2

[Event "XIV Open"]
[Site "Crema ITA"]
[Date "2012.09.01"]
[Round "3"]
[White "Barolo, Andrea"]
[Black "Oteri, Aldo"]
[Result "0-1"]
[WhiteElo "1940"]
[BlackElo "1799"]
[PlyCount "92"]
[EventDate "2012.08.31"]

1. e4 e6 2. d4 d5 3. Nc3 Bb4 4. e5 c5 5. a3 Bxc3+ 6. bxc3 Ne7 7. h4 Nbc6 8. h5
Qa5 9. Bd2 cxd4 10. cxd4 Qa4 11. c3 Qxd1+ 12. Kxd1 Bd7 13. h6 g6 14. Bd3 Rc8
15. Nf3 Na5 16. Rb1 b6 17. Ke2 O-O 18. g4 Ba4 19. Nh4 Bb3 20. Ke1 Bc4 21. Bc2
b5 22. f4 f5 23. gxf5 Nxf5 24. Bxf5 exf5 25. Ng2 Bd3 26. Ra1 Be4 27. Rg1 Nb3
28. Ra2 Nxd2 29. Kxd2 Rc4 30. Ne3 Ra4 31. Rga1 Rc8 32. Rb2 Rb8 33. Raa2 Kf7 34.
Rb4 a5 35. Rb3 b4 36. c4 dxc4 37. Nxc4 Bd5 38. Rc2 Ke6 39. axb4 axb4 40. Kd3
Be4+ 41. Kd2 Bxc2 42. Kxc2 Ra2+ 43. Kd3 Rh2 44. Ne3 Rxh6 45. d5+ Kd7 46. d6 Rh4
0-1

[Event "XIV Open"]
[Site "Crema ITA"]
[Date "2012.09.01"]
[Round "3"]
[White "Barucco, Mattia"]
[Black "Giretti Kanev, Jasen"]
[Result "0-1"]
[WhiteElo "2000"]
[BlackElo "2189"]
[PlyCount "118"]
[EventDate "2012.08.31"]

1. e4 c5 2. Nc3 Nc6 3. g3 g6 4. Bg2 Bg7 5. d3 Rb8 6. f4 b5 7. a3 b4 8. axb4
cxb4 9. Nce2 Qb6 10. Nf3 d6 11. h3 e5 12. g4 Nge7 13. Qd2 h5 14. g5 Be6 15.
fxe5 dxe5 16. Ng3 O-O 17. Nf1 f5 18. gxf6 Rxf6 19. N1h2 Rbf8 20. Rf1 Nc8 21.
Qe2 Nd6 22. Be3 Nd4 23. Bxd4 exd4 24. e5 Rxf3 25. Rxf3 Nf7 26. Rf2 Bxe5 27. Nf1
b3 28. cxb3 Bd6 29. Qe4 Bf5 30. Rxf5 gxf5 31. Qxf5 Bb4+ 32. Kd1 Be7 33. Be4 Ng5
34. Qd5+ Kg7 35. Nd2 Nxe4 36. Qxe4 Bb4 37. Qe5+ Kh6 38. Nc4 Qg6 39. Qe2 Qg1+
40. Kc2 Qxa1 41. Qe6+ Kg7 42. Qe5+ Rf6 43. Qg5+ Rg6 44. Qe5+ Rf6 45. Qg5+ Rg6
46. Qe5+ Kf7 47. Qf5+ Rf6 48. Qxh5+ Ke7 49. Qe5+ Kf7 50. Qh5+ Kf8 51. Qh8+ Ke7
52. Qh7+ Kd8 53. Qg8+ Bf8 54. Qd5+ Ke7 55. Qb7+ Ke6 56. Qe4+ Kf7 57. Ne5+ Kg8
58. Qg4+ Bg7 59. Qg2 Qe1 0-1

[Event "XIV Open"]
[Site "Crema ITA"]
[Date "2012.09.01"]
[Round "3"]
[White "Brociner, Beniamino"]
[Black "Carrai, Giacomo"]
[Result "1-0"]
[WhiteElo "1981"]
[BlackElo "1827"]
[PlyCount "23"]
[EventDate "2012.08.31"]

1. Nf3 c5 2. c4 Nf6 3. g3 b6 4. Bg2 Bb7 5. O-O e6 6. Nc3 Be7 7. Re1 O-O 8. e4
d6 9. d4 cxd4 10. Nxd4 a6 11. e5 Bxg2 12. exf6 1-0

[Event "XIV Open"]
[Site "Crema ITA"]
[Date "2012.09.01"]
[Round "3"]
[White "Colombo, Abner"]
[Black "Redamante, Marzio"]
[Result "0-1"]
[WhiteElo "1188"]
[BlackElo "1495"]
[PlyCount "44"]
[EventDate "2012.08.31"]

1. e4 c5 2. Nc3 d6 3. b3 Nf6 4. Bb2 g6 5. Nd5 Nbd7 6. Bc4 Bg7 7. Qe2 O-O 8.
O-O-O a6 9. g4 b5 10. Bd3 Bb7 11. h4 Nxd5 12. Bxg7 Nf4 13. Qe3 Nxd3+ 14. cxd3
Kxg7 15. g5 a5 16. h5 b4 17. hxg6 fxg6 18. Rh6 Rh8 19. Ne2 e5 20. Rdh1 Bc6 21.
Qh3 Qg8 22. Qe6 Qxe6 0-1

[Event "XIV Open"]
[Site "Crema ITA"]
[Date "2012.09.01"]
[Round "3"]
[White "Cappa, Enrico"]
[Black "Fiammetti, Gianluca"]
[Result "1/2-1/2"]
[WhiteElo "1641"]
[BlackElo "1464"]
[PlyCount "79"]
[EventDate "2012.08.31"]

1. e4 d5 2. exd5 Qxd5 3. Nc3 Qa5 4. d4 Nf6 5. Bd2 c6 6. Nf3 Bf5 7. Ne4 Qd8 8.
Nxf6+ gxf6 9. Be2 e6 10. O-O Qc7 11. c4 Nd7 12. Rc1 Rg8 13. c5 Bh3 14. Nh4 Be7
15. Kh1 f5 16. Rg1 Bg4 17. g3 Nf6 18. Bf4 Qd7 19. Nf3 Ne4 20. Kg2 Nf6 21. Ne5
Bxe2 22. Nxd7 Bxd1 23. Nxf6+ Bxf6 24. Rgxd1 O-O-O 25. Bd6 Rge8 26. f4 Be7 27.
Bxe7 Rxe7 28. Rd3 Red7 29. Rcd1 Rg8 30. b4 a6 31. a4 Rd5 32. Kf3 h5 33. b5 axb5
34. axb5 cxb5 35. Rb1 Kc7 36. Rxb5 Ra8 37. Rb2 Ra7 38. Ke3 Rd8 39. Rbd2 Rd5 40.
Rc3 1/2-1/2

[Event "XIV Open"]
[Site "Crema ITA"]
[Date "2012.09.01"]
[Round "3"]
[White "Carbone, Lorenzo"]
[Black "Swannie, Douglas"]
[Result "1-0"]
[WhiteElo "1728"]
[BlackElo "1922"]
[PlyCount "77"]
[EventDate "2012.08.31"]

1. e4 e5 2. Nf3 Nc6 3. Bb5 Nf6 4. O-O Nxe4 5. Re1 Nd6 6. Nxe5 Be7 7. Nxc6 dxc6
8. Ba4 O-O 9. c3 Bf5 10. d4 Bf6 11. Nd2 Re8 12. Nf1 Qd7 13. Ne3 b5 14. Bb3 Re7
15. Bd2 Rae8 16. Bc2 Bxc2 17. Qxc2 Ne4 18. Nf1 g6 19. Be3 Bg7 20. a4 b4 21.
Red1 bxc3 22. bxc3 Nd6 23. Ng3 Nc4 24. Bf4 Qd5 25. h3 g5 26. Bd2 h6 27. Re1 c5
28. Rxe7 Rxe7 29. Be1 cxd4 30. cxd4 Bxd4 31. Rd1 Re6 32. Qb3 Rb6 33. Qc2 Nd6
34. Nh5 Ne4 35. Qe2 c5 36. Qg4 f5 37. Qe2 Rb2 38. Qxb2 Bxf2+ 39. Kf1 1-0

[Event "XIV Open"]
[Site "Crema ITA"]
[Date "2012.09.01"]
[Round "3"]
[White "Casartelli, Fabio"]
[Black "Pisani, Valerio"]
[Result "0-1"]
[WhiteElo "1860"]
[BlackElo "1698"]
[PlyCount "103"]
[EventDate "2012.08.31"]

1. e4 e6 2. d4 d5 3. exd5 exd5 4. Nf3 Bd6 5. Nc3 c6 6. Bd3 h6 7. O-O Nf6 8.
Re1+ Be6 9. Ne5 Qc7 10. f4 Bxe5 11. dxe5 Ng4 12. Na4 b5 13. f5 Nxe5 14. fxe6
bxa4 15. exf7+ Kf8 16. Bf4 Qb6+ 17. Kh1 Nxf7 18. Qg4 Qd8 19. Rf1 Nd7 20. Bg6
Nf6 21. Qe6 Qe8 22. Bd6+ Kg8 23. Be7 h5 24. Rae1 Rh6 25. Qf5 Qc8 26. Qxc8+ Rxc8
27. Bf5 Rb8 28. Kg1 Ng5 29. Bd6 Rxb2 30. Bf4 Nfe4 31. Bxe4 Nxe4 32. Bxh6 gxh6
33. c4 Rxa2 34. cxd5 cxd5 35. Rc1 a3 36. Rf3 Kg7 37. Rc7+ Kg6 38. Rxa7 Ra1+ 39.
Rf1 Rxf1+ 40. Kxf1 Nd2+ 41. Ke2 Nc4 42. Rd7 Kf6 43. Rh7 Ke5 44. Rxh6 Kd4 45.
Ra6 Kc3 46. g3 d4 47. h3 d3+ 48. Ke1 Kc2 49. Ra4 d2+ 50. Kf2 d1=Q 51. Rxc4+ Kb3
52. Re4 0-1

[Event "XIV Open"]
[Site "Crema ITA"]
[Date "2012.09.01"]
[Round "3"]
[White "Colombo, Luca"]
[Black "Swannie, Bryan"]
[Result "1-0"]
[WhiteElo "1898"]
[BlackElo "1702"]
[PlyCount "83"]
[EventDate "2012.08.31"]

1. e4 d6 2. d4 Nf6 3. Nc3 e5 4. dxe5 dxe5 5. Qxd8+ Kxd8 6. Bg5 c6 7. O-O-O+ Ke8
8. Nf3 Nbd7 9. Bc4 Bc5 10. Rhf1 Bb6 11. Bxf6 gxf6 12. Nh4 Nf8 13. Nf5 Ne6 14.
Bxe6 Bxe6 15. Nd6+ Ke7 16. Nxb7 Rhg8 17. g3 Bh3 18. Rfe1 Rab8 19. Nd6 Rbd8 20.
Nf5+ Bxf5 21. Rxd8 Rxd8 22. exf5 Bxf2 23. Re2 Bb6 24. Ne4 h5 25. c3 Rd3 26. Kc2
Rf3 27. Rd2 Rxf5 28. Nd6 Rf2 29. Rxf2 Bxf2 30. Nf5+ Kd7 31. Kd3 Ke6 32. Ke4 Bc5
33. Ng7+ Kd7 34. Nxh5 Be7 35. Ng7 Bf8 36. Nf5 Ke8 37. b4 Be7 38. h4 Kf8 39. h5
Bd8 40. g4 a5 41. a3 Bb6 42. c4 1-0

[Event "XIV Open"]
[Site "Crema ITA"]
[Date "2012.09.01"]
[Round "3"]
[White "Conta, Diego"]
[Black "Mantovani, Enrico"]
[Result "0-1"]
[WhiteElo "1656"]
[BlackElo "1839"]
[PlyCount "84"]
[EventDate "2012.08.31"]

1. e4 c6 2. d4 d5 3. exd5 cxd5 4. Nf3 Nf6 5. Be2 Nc6 6. O-O Bg4 7. c3 e6 8. h3
Bh5 9. Be3 Bd6 10. Nbd2 Qc7 11. Rc1 O-O 12. c4 Rac8 13. c5 Bf4 14. a3 Bxe3 15.
fxe3 Bg6 16. b4 a6 17. Qe1 Nh5 18. Nh4 Ng3 19. Nxg6 hxg6 20. Rf3 Nxe2+ 21. Qxe2
e5 22. Qf2 e4 23. Rf4 Rce8 24. Rf1 g5 25. Rf5 Ne7 26. Rxg5 f5 27. Qh4 g6 28.
Rf4 Rf7 29. g4 Rh7 30. Qg3 Kh8 31. Kg2 Qc6 32. Rf2 Qf6 33. h4 Rh6 34. Nb1 Kg7
35. gxf5 Reh8 36. fxg6 Qe6 37. Rf7+ Kg8 38. g7 Qxf7 39. gxh8=Q+ Kxh8 40. Nc3
Kh7 41. Kh3 Nf5 42. Kg2 Nxg3 0-1

[Event "XIV Open"]
[Site "Crema ITA"]
[Date "2012.09.01"]
[Round "3"]
[White "Corso, Gabriele"]
[Black "Biava, Pierluigi"]
[Result "1-0"]
[WhiteElo "1764"]
[BlackElo "1655"]
[PlyCount "79"]
[EventDate "2012.08.31"]

1. e4 c5 2. Nf3 e6 3. c3 Nf6 4. e5 Nd5 5. d4 a6 6. a4 Nc6 7. c4 Ndb4 8. d5 Nd4
9. Na3 exd5 10. Nxd4 cxd4 11. Qxd4 Qa5 12. Bd2 Bc5 13. Qxd5 d6 14. exd6 Qb6 15.
Qe5+ Be6 16. Be3 Bxe3 17. Qxe3 Qxd6 18. Rd1 Qe7 19. Be2 O-O 20. O-O Qf6 21. Qd4
Qxd4 22. Rxd4 Nc6 23. Rd2 Rfd8 24. Rfd1 Kf8 25. Rxd8+ Rxd8 26. Rxd8+ Nxd8 27.
b4 Nc6 28. Nc2 Ke7 29. f4 Kd6 30. Kf2 g6 31. Ke3 h5 32. Kd2 Bg4 33. Bxg4 hxg4
34. Kc3 Ne7 35. Ne3 f5 36. c5+ Kc6 37. Kd4 b6 38. cxb6 Kxb6 39. Nd5+ Nxd5 40.
Kxd5 1-0